000 01059nas a2200349 4500
001 BR2011003126
003 BR-BrBNA
005 20231205115331.0
007 ta
008 230509b bl.|||p| |||| 00| 00por d
040 _aBR-BrBNA
_bpor
_cBiblioteca Nacional de Agricultura
041 _a(Pt)
072 _aL70
100 1 _aSchiochet, F.
100 1 _aBeck, C.A.C.
100 1 _aSilva, A.P.F.F.
100 1 _aContesini, E.A.
100 1 _aAlievi, M.M.
100 1 _aStedile, R.
100 1 _aPinto, V.
100 1 _aYamazaki, P.H.
100 1 _aJurinitz, D.F.
100 1 _aPellizari, M.
245 1 _aOvário-histerectomia laparoscópia em felinos hígidos: estudo comparativo de três métodos de hemostasia
650 _aGATO
650 _aOVÁRIO
650 _aLAPAROSCOPIA
650 _aANÁLISE ESTATÍSTICA
773 0 _tArquivo Brasileiroo de Medicina Veterinária e Zootecnia (Brazil)
_xISSN 0102-0935
_g(Apr 2009), v. 61(2) p. 369-377
_wBR2011003126
909 _a202311
_bLúcia
_c55
_dLúcia Elande
942 _2AGRIS
_n0
_cANA
999 _c213270
_d213270